Principles of flue-cured tobacco production / (Record no. 151707)
[ view plain ]
| 000 -LEADER | |
|---|---|
| fixed length control field | 00806cam2a220025300 4500 |
| 001 - CONTROL NUMBER | |
| control field | lce00868008 |
| 005 - DATE AND TIME OF LATEST TRANSACTION | |
| control field | 20190823110818.0 |
| 008 - FIXED-LENGTH DATA ELEMENTS--GENERAL INFORMATION | |
| fixed length control field | 710121s1970 ncua 000 0 eng |
| 010 ## - LIBRARY OF CONGRESS CONTROL NUMBER | |
| LC control number | 73019840 //r92 |
| 035 ## - SYSTEM CONTROL NUMBER | |
| System control number | (Sirsi) r57561 |
| 035 ## - SYSTEM CONTROL NUMBER | |
| System control number | (DLC) 73019840 //r92 |
| 035 ## - SYSTEM CONTROL NUMBER | |
| System control number | (UPRA)lce00868008 |
| 040 ## - CATALOGING SOURCE | |
| Original cataloging agency | DLC |
| Transcribing agency | DLC |
| Modifying agency | DLC |
| -- | UPRA |
| 050 00 - LIBRARY OF CONGRESS CALL NUMBER | |
| Classification number | SB273 |
| Item number | .H39 |
| 082 00 - DEWEY DECIMAL CLASSIFICATION NUMBER | |
| Classification number | 633/.71 |
| 100 1# - MAIN ENTRY--PERSONAL NAME | |
| Personal name | Hawks, S. N. (Stirling Norman) |
| Fuller form of name | Hawks, S. N. (Stirling Norman) |
| Linkage | A16599.1 |
| 245 10 - TITLE STATEMENT | |
| Title | Principles of flue-cured tobacco production / |
| Statement of responsibility, etc. | by S.N. Hawks, Jr. |
| 260 ## - PUBLICATION, DISTRIBUTION, ETC. | |
| Place of publication, distribution, etc. | Raleigh, NC, |
| Date of publication, distribution, etc. | 1970. |
| 650 #0 - SUBJECT ADDED ENTRY--TOPICAL TERM | |
| Topical term or geographic name entry element | Flue=cured tobacco. |
| Linkage | S12047.1 |
| 650 #0 - SUBJECT ADDED ENTRY--TOPICAL TERM | |
| Topical term or geographic name entry element | Tobacco. |
| Linkage | S1870.1 |
| 650 #0 - SUBJECT ADDED ENTRY--TOPICAL TERM | |
| Topical term or geographic name entry element | Tobacco curing. |
| Linkage | S1347.1 |
| 949 ## - LOCAL PROCESSING INFORMATION (OCLC) | |
| a | SB273 |
| w | lcc |
| i | 33729001876031 |
| m | MAIN |
| p | 2500 |
| t | BOOK |
| l | ON-SHELF |
No items available.